书目信息 |
| 题名: |
吴煦档案选编
|
|
| 作者: | ;太平天国历史博物馆 编 | |
| 分册: | 第一辑 | |
| 出版信息: | 南京 江苏人民出版社 1983.2 |
|
| 页数: | 454页 | |
| 开本: | 20cm | |
| 丛书名: | ||
| 单 册: | ||
| 中图分类: | K251 | |
| 科图分类: | ||
| 主题词: | 中国--历史--1840~1949 | |
| 电子资源: | ||
| ISBN: | ||
| 000 | 00611nam0 2200205 45 | |
| 001 | 0312221749 | |
| 005 | 20060722092614.26 | |
| 010 | @dCNY1.65 | |
| 091 | @a11100.095 | |
| 100 | @a20031222d1983 km y0chiy0120 ea | |
| 101 | @achi | |
| 200 | 1 | @a吴煦档案选编@h第一辑@AWu Xu Dang An Xuan Bian@f太平天国历史博物馆编@FTai Ping Tian Guo Li Shi Bo Wu Guan Bian |
| 210 | @a南京@c江苏人民出版社@d1983.2 | |
| 215 | @a454页@d20cm | |
| 600 | 0 | @a吴煦@x档案 |
| 606 | 0 | @a中国@x历史@z1840~1949 |
| 690 | @aK251@v3 | |
| 711 | 02 | @a太平天国历史博物馆@4编 |
| 801 | @aCN@bTSTCL@c20060722 | |
| 905 | @dK251@e2:1@f1@b109559 | |
| 吴煦档案选编.第一辑/太平天国历史博物馆编.-南京:江苏人民出版社,1983.2 |
| 454页;20cm |
| ISBN :CNY1.65 |
| ● |
| 相关链接 |
|
|
|
|
正题名:吴煦档案选编
索取号:K251/2:1
 
预约/预借
| 序号 | 登录号 | 条形码 | 馆藏地/架位号 | 状态 | 备注 |
| 1 | 0109559 | 000677850 | 第二借阅区/ [索取号:K251/2:1] | 在馆 | |
| 2 | 0109560 | 001856183 | 密集书库/ [索取号:K251/2:1] | 在馆 | |
| 3 | 0109561 | 000677878 | 第二样本阅览室/ [索取号:K251/2:1] | 在馆 | |
| 4 | 0435496 | 204354965 | 密集书库/ [索取号:K251/2:1] | 在馆 | |
| 5 | 0435497 | 204354974 | 密集书库/ [索取号:K251/2:1] | 在馆 | |
| 6 | 0435498 | 204354983 | 密集书库/ [索取号:K251/2:1] | 在馆 |